| 000 | 01040cam a22002773a 4500 | ||
|---|---|---|---|
| 001 | 17139 | ||
| 003 | PGUSA | ||
| 005 | 20140828083350.0 | ||
| 008 | 051120s2005||||xxu|||||s|||||000 | eng d | ||
| 040 |
_aPGUSA _beng |
||
| 042 | _adc | ||
| 050 | 4 | _aDS | |
| 100 | 1 |
_aSnoek, Johan M., _d1920- |
|
| 245 | 1 | 0 |
_aDe Nederlandse kerken en de joden, 1940-1945 : _bDe protesten bij Seyss-Inquart, hulp aan joodse onderduikers, de motieven voor hulpverlening _h[electronic resource] / _cJohan M. Snoek |
| 260 |
_bProject Gutenberg, _c2005 |
||
| 506 | _aCopyrighted. Read the copyright notice inside this book for details. | ||
| 516 | _aElectronic text | ||
| 653 | _aHolocaust, Jewish (1939-1945) -- Netherlands | ||
| 653 | _aJews -- Persecutions -- Netherlands | ||
| 653 | _aNetherlands -- Church history -- 20th century | ||
| 653 | _aRighteous Gentiles in the Holocaust -- Netherlands | ||
| 653 | _aNetherlands -- Ethnic relations | ||
| 830 | 0 |
_aProject Gutenberg _v17139 |
|
| 856 | 4 | 0 | _uhttp://www.gutenberg.org/ebooks/17139 |
| 942 | _cEB | ||
| 999 |
_c246394 _d246394 |
||